| 000 | 01535pab a2200193 454500 | ||
|---|---|---|---|
| 008 | 180718b2015 xxu||||| |||| 00| 0 eng d | ||
| 100 | _aBains, Simranjeet | ||
| 245 | _aProjected public expenditure on law enforcement agencies - A case study of Punjab state | ||
| 260 | _c2015 | ||
| 300 | _ap.714-729. | ||
| 362 | _aOct-Dec | ||
| 520 | _aPublic expenditure bears the responsibility for sustained economic development. Internal disturbances and high crime rates prove detrimental to the economic health of a nation. The present article is an attempt to ascertain the future trends of crime and public expenditure on police services in Punjab up till 2023. The total police expenditure is highly dependent on total crime in the Punjab state as the value of R2 is 0.885 and, moreover, both these variables have very high degree of correlation to the extent of 0.941. Lastly, some suggestions are made. A future research unit must be established at Punjab Police headquarters. Through the use of environmental scanning and analytical examining of the right data with appropriate forecasting methods, the future research unit may produce forecasts and policy options that allow police department to surmount the odds of preferable future from among the many existing alternatives. - Reproduced. | ||
| 650 | _aLaw enforcement - India - Punjab | ||
| 650 | _aLaw enforcement | ||
| 650 | _aPublic expenditure - India - Punjab | ||
| 650 | _aPublic expenditure | ||
| 773 | _aIndian Journal of Public Administration | ||
| 909 | _a109780 | ||
| 999 |
_c109775 _d109775 |
||